The BEST Country - Statistics

General Stats
  • This quiz has been taken 26 times
  • The average score is 156 of 170
Answer Stats
Rank Country % Correct
Healthcare 4 Austria
100%
Infrastructure 9 Austria
100%
Altruism 10 Austria
100%
Safety 5 Austria
100%
Economic Complexity 6 Austria
100%
Sustainability 5 Austria
100%
Altruism 6 Canada
100%
Education 4 Canada
100%
Healthcare 3 Denmark
100%
Retirement Fund 3 Denmark
100%
Public Transit 8 Denmark
100%
Press Freedom 3 Denmark
100%
Altruism 2 Denmark
100%
Safety 2 Denmark
100%
Democratic 6 Denmark
100%
Education 1 Denmark
100%
Poverty 9 Denmark
100%
Happiness 2 Denmark
100%
Sustainability 3 Denmark
100%
Overall 1 Denmark
100%
Retirement Fund 5 Finland
100%
Press Freedom 5 Finland
100%
Altruism 5 Finland
100%
Democratic 5 Finland
100%
Education 2 Finland
100%
Poverty 1 Finland
100%
Happiness 1 Finland
100%
Sustainability 1 Finland
100%
Overall 2 Finland
100%
GDP per Capita 5 Ireland
100%
Press Freedom 2 Ireland
100%
Altruism 8 Ireland
100%
Safety 3 Ireland
100%
Democratic 8 Ireland
100%
Poverty 2 Ireland
100%
Overall 9 Ireland
100%
Healthcare 5 Japan
100%
Infrastructure 4 Japan
100%
Public Transit 9 Japan
100%
Safety 9 Japan
100%
Education 3 Japan
100%
Economic Complexity 1 Japan
100%
Military 8 Japan
100%
Overall 10 Japan
100%
Retirement Fund 7 Norway
100%
GDP per Capita 4 Norway
100%
Press Freedom 1 Norway
100%
Democratic 1 Norway
100%
Happiness 7 Norway
100%
Sustainability 7 Norway
100%
Overall 7 Norway
100%
Infrastructure 3 Switzerland
100%
Public Transit 3 Switzerland
100%
GDP per Capita 6 Switzerland
100%
Safety 10 Switzerland
100%
Democratic 7 Switzerland
100%
Poverty 3 Switzerland
100%
Happiness 8 Switzerland
100%
Economic Complexity 2 Switzerland
100%
Overall 8 Switzerland
100%
Healthcare 10 United Kingdom
100%
Retirement Fund 10 United Kingdom
100%
Infrastructure 10 United Kingdom
100%
Public Transit 10 United Kingdom
100%
Military 5 United Kingdom
100%
Military 3 China
95%
Healthcare 7 France
95%
Infrastructure 8 France
95%
Public Transit 6 France
95%
Altruism 9 France
95%
Poverty 8 France
95%
Sustainability 6 France
95%
Military 9 France
95%
Infrastructure 7 Germany
95%
Public Transit 4 Germany
95%
Altruism 3 Germany
95%
Education 6 Germany
95%
Poverty 5 Germany
95%
Economic Complexity 4 Germany
95%
Sustainability 4 Germany
95%
Overall 5 Germany
95%
Safety 4 New Zealand
95%
Democratic 2 New Zealand
95%
Happiness 10 New Zealand
95%
Sustainability 9 Poland
95%
Military 2 Russia
95%
Healthcare 1 South Korea
95%
Infrastructure 5 South Korea
95%
Education 10 South Korea
95%
Economic Complexity 3 South Korea
95%
Military 6 South Korea
95%
Retirement Fund 8 Sweden
95%
Press Freedom 4 Sweden
95%
Altruism 1 Sweden
95%
Democratic 4 Sweden
95%
Education 5 Sweden
95%
Happiness 6 Sweden
95%
Economic Complexity 8 Sweden
95%
Sustainability 2 Sweden
95%
Overall 4 Sweden
95%
Inequality 10 Czech Republic
91%
Economic Complexity 7 Czech Republic
91%
Sustainability 8 Czech Republic
91%
Press Freedom 8 Estonia
91%
Sustainability 10 Estonia
91%
Retirement Fund 1 Iceland
91%
GDP per Capita 10 Iceland
91%
Safety 1 Iceland
91%
Democratic 3 Iceland
91%
Happiness 3 Iceland
91%
Inequality 9 Iceland
91%
Overall 6 Iceland
91%
Public Transit 7 Luxembourg
91%
GDP per Capita 3 Luxembourg
91%
Happiness 9 Luxembourg
91%
Retirement Fund 2 Netherlands
91%
Infrastructure 2 Netherlands
91%
Public Transit 2 Netherlands
91%
Press Freedom 6 Netherlands
91%
Altruism 4 Netherlands
91%
Democratic 9 Netherlands
91%
Education 8 Netherlands
91%
Poverty 6 Netherlands
91%
Happiness 5 Netherlands
91%
Inequality 7 Netherlands
91%
Overall 3 Netherlands
91%
Press Freedom 9 Portugal
91%
Safety 7 Portugal
91%
Healthcare 8 Spain
91%
Infrastructure 6 Spain
91%
GDP per Capita 9 United States
91%
Military 1 United States
91%
Healthcare 6 Australia
86%
Retirement Fund 6 Australia
86%
Military 4 India
86%
Military 10 Italy
86%
Press Freedom 7 Lithuania
86%
GDP per Capita 1 Monaco
86%
Healthcare 9 Belgium
82%
Public Transit 5 Belgium
82%
Altruism 7 Belgium
82%
Poverty 7 Belgium
82%
Inequality 6 Belgium
82%
Retirement Fund 9 Singapore
82%
Infrastructure 1 Singapore
82%
Public Transit 1 Singapore
82%
GDP per Capita 8 Singapore
82%
Safety 6 Singapore
82%
Education 9 Singapore
82%
Economic Complexity 5 Singapore
82%
Inequality 1 Slovakia
82%
Safety 8 Slovenia
82%
Inequality 2 Slovenia
82%
Economic Complexity 10 Slovenia
82%
Poverty 10 United Arab Emirates
82%
Inequality 8 United Arab Emirates
82%
Economic Complexity 9 Hungary
77%
Healthcare 2 Taiwan
77%
Democratic 10 Taiwan
77%
GDP per Capita 2 Liechtenstein
73%
GDP per Capita 7 Qatar
73%
Inequality 3 Belarus
68%
Inequality 4 Ukraine
68%
Military 7 Pakistan
64%
Retirement Fund 4 Israel
59%
Education 7 Israel
59%
Happiness 4 Israel
59%
Poverty 4 Cyprus
50%
Inequality 5 Moldova
41%
Press Freedom 10 East Timor
14%
No matching quizzes found
Score Distribution
Percent of People with Each Score
Percentile by Number Answered
Your Score History
You have not taken this quiz